000 00286nam a2200109Ia 4500
008 200302s9999 xx 000 0 und d
100 _aBorough Johnson
245 _athe Technique Of Pencil Drawing
260 _bDover Publication Inc mineola /New York
260 _c2008
300 _a80 P.,
999 _c4320
_d4320